000 00566nam a2200229Ia 4500
003 OSt
005 20220924143518.0
006 a|||||r|||| 00| 0
007 ta
008 220923b |||||||| |||| 00| 0 urd d
024 _a308640
037 _cTextual
040 _aARTS
_cARTS
_burd
041 _2urd
_aurd
082 _aO152,3x, 168H6
100 _aRashid Salma
_9216053
245 0 _aJahannam Ke Devta
260 _c1946
650 _aURDU LITERATURE
942 _hO152,3x, 168H6
_cTEXL
_2CC
999 _c454758
_d454758